00675nam a2200181 a 4500003000200000005001700002008004100019050003000060100002600090245009100116260009300207300004000300504004100340650002100381650002200402650002600424650004300450020250225090946.0111115s19uu xx 00 eng d aPGS QR 761.5b.Ag284 2011 aAguon, Jude Joseph P. aThe effect of basil extract on the growth of Escherichia coli /cJude Joseph P. Aguon. aLas Piñas City, Philippines : bSouthville International School and Colleges, c2011. a17 pages :billustrations ;c28 cm. aIncludes bibliographical references. aEscherichia coli aOcimum basilicum. aAntibacterial agents. aPlant extractsvAntibacterial effects.